| 000 | 01080nam a2200265Ia 4500 | ||
|---|---|---|---|
| 008 | 130821s2006 ck ao gr spa | ||
| 020 | _a9587044428 | ||
| 040 |
_aCo-BoUCM _bspa |
||
| 041 | 0 | 0 | _aspa |
| 100 | 1 |
_aSánchez Gómez, Gonzalo _d1945- |
|
| 245 | 1 | 0 |
_aBandoleros, gamonales y campesinos el caso de la violencia en Colombia _cGonzalo Sánchez Gómez y Donny Meertens ; prólogo de Eric John Ernest Hobsbawn |
| 260 |
_aBogotá (Colombia) _bEl Áncora Editores _c2006 |
||
| 300 |
_a367 páginas _bilustraciones, fotografías |
||
| 490 | 0 |
_aPunto de Lectura. _pNarrativa Histórica _v95/1 |
|
| 504 | _aIncluye bibliografía. | ||
| 650 | 0 | 4 |
_aHistoria de Colombia _926508 |
| 650 | 0 | 4 |
_aViolencia _9422 |
| 650 | 0 | 4 |
_aViolencia _vAspectos sociales _zColombia _y1940-1970 _9422 |
| 650 | 0 | 4 |
_aViolencia _xHistoria _zColombia _y1940-1970 _9422 |
| 651 |
_aColombia _xHistoria _y1940-1970 _926606 |
||
| 700 | 1 |
_aHobsbawm, Eric John Ernest _d1917- _epról. |
|
| 700 | 1 |
_aMeertens, Donny _d1946- |
|
| 942 |
_cLIBRO _a5 _e1 _mS15bg _2DEWEY _h303.62 |
||
| 999 |
_c61066 _d61066 |
||